Revíziós protézisek alkalmazása elsődleges térdízületi implantációk

Elmentve itt :
Bibliográfiai részletek
Szerzők: Tóth Kálmán
Kelecsenyi M.
Greksa Ferenc
Frohlich P.
Dokumentumtípus: Cikk
Megjelent: 2006
Sorozat:MAGYAR TRAUMATOLÓGIA ORTOPÉDIA KÉZSEBÉSZET PLASZTIKAI SEBÉSZET 49 No. 3
Tárgyszavak:
mtmt:1327467
Online Access:http://publicatio.bibl.u-szeged.hu/30712
LEADER 00823nab a2200241 i 4500
001 publ30712
005 20241021091545.0
008 241021s2006 hu o 000 hun d
022 |a 1217-3231 
024 7 |a 1327467  |2 mtmt 
040 |a SZTE Publicatio Repozitórium  |b hun 
041 |a hun 
100 1 |a Tóth Kálmán 
245 1 0 |a Revíziós protézisek alkalmazása elsődleges térdízületi implantációk  |h [elektronikus dokumentum] /  |c  Tóth Kálmán 
260 |c 2006 
300 |a 5 
300 |a 275-279 
490 0 |a MAGYAR TRAUMATOLÓGIA ORTOPÉDIA KÉZSEBÉSZET PLASZTIKAI SEBÉSZET  |v 49 No. 3 
650 4 |a Klinikai orvostan 
700 0 1 |a Kelecsenyi M.  |e aut 
700 0 1 |a Greksa Ferenc  |e aut 
700 0 1 |a Frohlich P.  |e aut 
856 4 0 |u http://publicatio.bibl.u-szeged.hu/30712/1/aok_klny_650_06.pdf  |z Dokumentum-elérés